| 000 | 00354nam a2200133Ia 4500 | ||
|---|---|---|---|
| 005 | 20251222152047.0 | ||
| 008 | 251222s9999||||xx |||||||||||||| ||spa|| | ||
| 020 | _a9788493744601 | ||
| 082 | _a861/A86 | ||
| 245 | 0 | _aVarios Autores Poesía, Narrativa, Ensayo | |
| 250 | _a1ra. ed. | ||
| 264 | _bEditorial Ateneo Republicano Blasco Ibañez | ||
| 942 | _cLIB | ||
| 999 |
_c26267 _d26267 |
||